| 000 | 00641nam a2200217Ia 4500 | ||
|---|---|---|---|
| 001 | 6562 | ||
| 003 | GE_BSU | ||
| 008 | 181216s||||||||xx |||||||||||||| ||und|| | ||
| 040 | _cGE_BSU | ||
| 080 | _a821.353.1-1 | ||
| 100 | _aბერულავა,ხუტა. | ||
| 245 | _aჩემი ნობათი. | ||
| 245 | _bლექსები,პოემები. | ||
| 245 | _cრედ:ვ.ძიძიგური. | ||
| 260 | _aთბილისი. | ||
| 260 | _bსაბლიტგამი. | ||
| 260 | _c1957. | ||
| 300 | _a126გვ;22სმ. | ||
| 653 | _aლექსები,პოემები. | ||
| 942 | _cBK | ||
| 999 |
_c39956 _d39956 |
||